[Event "?"]
[Site "?"]
[Date "2011.06.03"]
[Round "4.9"]
[White "Ellinger, Harald"]
[Black "Malcan, Oener"]
[Result "0-1"]
[WhiteElo "1854"]
[BlackElo "1601"]
[PlyCount "73"]
[EventDate "2011.??.??"]
[WhiteTeam "SK e4 Gerlingen"]
[BlackTeam "SG Ludwigsburg 1919"]

1. Nf3 d5 2. d4 Nf6 3. c4 c6 4. e3 Bf5 5. Nc3 e6 6. a3 dxc4 7. Bxc4 Nbd7 8. O-O
Be7 9. Re1 Nb6 10. Bd3 Bxd3 11. Qxd3 O-O 12. h3 c5 13. Qe2 cxd4 14. exd4 Nbd5
15. Bd2 Rc8 16. Rac1 Qb6 17. b4 Nxc3 18. Bxc3 Nd5 19. Bb2 a5 20. Ne5 Rxc1 21.
Rxc1 Rd8 22. Nc4 Qb5 23. bxa5 Ra8 24. Qd2 h6 25. f4 Bd8 26. Nd6 Bxa5 27. Nxb5
Bxd2 28. Rf1 Bxf4 29. Rf3 Ra5 30. Nc3 Nxc3 31. Rxc3 Rb5 32. Rc8+ Kh7 33. Bc3
Rb1+ 34. Kf2 Rc1 35. Ke2 Rc2+ 36. Kd3 Rxg2 37. Bb4 0-1

[Event "?"]
[Site "?"]
[Date "2011.06.03"]
[Round "4.10"]
[White "Schreiber, Stephan"]
[Black "Wezel, Sebastian"]
[Result "1/2-1/2"]
[WhiteElo "1718"]
[BlackElo "1848"]
[PlyCount "29"]
[EventDate "2011.??.??"]

1. d4 Nf6 2. Bf4 c5 3. e3 Qb6 4. Nc3 d6 5. Bc4 g6 6. dxc5 Qxc5 7. Qd4 Qxd4 8.
exd4 Bg7 9. Bg5 O-O 10. Bxf6 Bxf6 11. Nd5 Be6 12. Nxf6+ exf6 13. d5 Bf5 14.
O-O-O Nd7 15. Bd3 1/2-1/2

[Event "?"]
[Site "?"]
[Date "2011.06.03"]
[Round "4.11"]
[White "Rühl, Volker"]
[Black "Duran, Suat"]
[Result "1/2-1/2"]
[WhiteElo "1837"]
[BlackElo "1687"]
[PlyCount "61"]
[EventDate "2011.??.??"]
[WhiteTeam "VfL Sindelfingen"]
[BlackTeam "SV Dicker Turm Esslingen"]

1. e4 c6 2. d4 d5 3. f3 dxe4 4. fxe4 e5 5. Nf3 exd4 6. Bc4 Be6 7. Bxe6 fxe6 8.
O-O Na6 9. Ng5 Nh6 10. Nxe6 Qd6 11. Ng5 O-O-O 12. Bf4 Qg6 13. Nd2 Bd6 14. h4
Bxf4 15. Rxf4 Rhf8 16. Qf3 Rxf4 17. Qxf4 Nb4 18. Rc1 Na6 19. Nc4 Nc7 20. Rf1
Ne6 21. Nxe6 Qxe6 22. b3 Ng4 23. a4 Nf6 24. e5 Ne8 25. Qg5 d3 26. cxd3 Rxd3 27.
Rf8 b5 28. Nd6+ Rxd6 29. exd6 h6 30. Qxg7 Qe1+ 31. Kh2 1/2-1/2

[Event "?"]
[Site "?"]
[Date "2011.06.03"]
[Round "4.12"]
[White "Burkhardt, Adrian"]
[Black "Ostertag, Stephan"]
[Result "1/2-1/2"]
[WhiteElo "1714"]
[BlackElo "1835"]
[PlyCount "37"]
[EventDate "2011.??.??"]
[WhiteTeam "SF 59 Kornwestheim"]
[BlackTeam "SV Urach"]

1. e4 d6 2. d4 Nf6 3. Bd3 g6 4. c3 Bg7 5. Nf3 O-O 6. O-O Nc6 7. Re1 Bg4 8. Nbd2
e5 9. Qb3 Rb8 10. h3 Bxf3 11. Nxf3 Qd7 12. Bd2 a6 13. Rad1 b5 14. Qa3 Nh5 15.
d5 Ne7 16. Qxa6 h6 17. b4 f5 18. Qa3 Kh7 19. Qb3 1/2-1/2

[Event "?"]
[Site "?"]
[Date "2011.06.03"]
[Round "4.13"]
[White "Pocrnic, Josip"]
[Black "Gheng, Christian"]
[Result "0-1"]
[WhiteElo "1824"]
[BlackElo "1679"]
[PlyCount "94"]
[EventDate "2011.??.??"]

1. e4 c5 2. Nf3 d6 3. d4 cxd4 4. Nxd4 Nf6 5. Nc3 g6 6. Be3 Bg7 7. f3 O-O 8. Qd2
Nc6 9. O-O-O d5 10. Nxc6 bxc6 11. exd5 Nxd5 12. Nxd5 cxd5 13. Qxd5 Qc7 14. Qc5
Qb7 15. b3 Bf5 16. Bd3 Rfc8 17. Qa5 Qc6 18. Bxf5 gxf5 19. c4 Qe6 20. Bd4 Rxc4+
21. bxc4 Qxc4+ 22. Qc3 Qxc3+ 23. Bxc3 Bxc3 24. Kc2 Bf6 25. Kd3 Rd8+ 26. Ke2 Rb8
27. Rd2 Bg5 28. Rc2 Rb5 29. Rd1 Kg7 30. Rd7 Ra5 31. Rdc7 e6 32. Kd3 Bf4 33.
R7c5 Ra3+ 34. R5c3 Ra5 35. h3 Kf6 36. Ke2 Re5+ 37. Kf2 Ra5 38. Rc4 Bd6 39. a4
f4 40. Ke2 Be5 41. Ra2 h6 42. g3 Kg5 43. h4+ Kg6 44. gxf4 Bf6 45. Ke3 Bxh4 46.
f5+ exf5 47. Rxh4 Kg5 0-1

[Event "?"]
[Site "?"]
[Date "2011.06.03"]
[Round "4.14"]
[White "Hartmann, Anatoli"]
[Black "Bauer, Dieter"]
[Result "1/2-1/2"]
[WhiteElo "1697"]
[BlackElo "1789"]
[PlyCount "124"]
[EventDate "2011.??.??"]

1. d4 Nf6 2. Bf4 c5 3. dxc5 Na6 4. Nc3 Nxc5 5. e3 Qb6 6. Rb1 Ne6 7. Bg3 g6 8.
Nf3 Bg7 9. Bc4 O-O 10. O-O d6 11. Nd5 Nxd5 12. Bxd5 Bd7 13. c3 Rac8 14. Bb3 Nc5
15. Bc2 Ne6 16. Nd4 Nxd4 17. exd4 d5 18. Re1 e6 19. Qd2 Rfe8 20. Bb3 Bb5 21.
Kh1 Bc4 22. Bxc4 Rxc4 23. f4 Qd8 24. Bf2 Qe7 25. g3 b5 26. a3 a5 27. Be3 Qc7
28. Qd3 Ra8 29. Bd2 b4 30. b3 Rc6 31. cxb4 axb4 32. Bxb4 Bf8 33. Bxf8 Kxf8 34.
a4 Rc3 35. Qd2 Rc2 36. Rec1 Rxd2 37. Rxc7 Rxd4 38. Rbc1 Kg7 39. Rb7 Kf6 40.
Rcc7 Kf5 41. Rxf7+ Kg4 42. Rfc7 Rd1+ 43. Kg2 Rd2+ 44. Kg1 Rd1+ 45. Kf2 Rd2+ 46.
Kg1 Rd1+ 47. Kf2 Rd2+ 48. Ke3 Rxh2 49. Re7 Rh3 50. Rxe6 Rxg3+ 51. Kd4 Rf8 52.
Kxd5 Rd8+ 53. Ke4 Rdd3 54. Ke5 Rxb3 55. Rxh7 Rge3+ 56. Kf6 Rxe6+ 57. Kxe6 Kxf4
58. Rh4+ Kg5 59. Re4 Ra3 60. Re5+ Kf4 61. Ra5 g5 62. Rf5+ Kg4 1/2-1/2

[Event "?"]
[Site "?"]
[Date "2011.06.03"]
[Round "4.15"]
[White "Steimbach, Isabel"]
[Black "Strauss, Martin"]
[Result "1-0"]
[WhiteElo "1556"]
[BlackElo "1764"]
[PlyCount "152"]
[EventDate "2011.??.??"]

1. e4 e5 2. Nf3 Nc6 3. Bb5 Nf6 4. O-O Nxe4 5. d4 Nd6 6. Bxc6 dxc6 7. dxe5 Nf5
8. Qxd8+ Kxd8 9. Rd1+ Ke8 10. Nc3 Be7 11. Bf4 Be6 12. a3 h6 13. h3 g5 14. Bh2
h5 15. Ne4 g4 16. hxg4 hxg4 17. Nfg5 Bxg5 18. Nxg5 Rd8 19. Rxd8+ Kxd8 20. Rd1+
Ke7 21. Ne4 b6 22. Rd3 c5 23. Ng3 Nd4 24. c3 Nc6 25. Ne2 Bc4 26. Rd2 Bxe2 27.
Rxe2 Rd8 28. f3 Rg8 29. Kf2 gxf3 30. gxf3 Ke6 31. f4 Rd8 32. Ke1 Na5 33. Re4
Rh8 34. Re2 Nc4 35. Kf1 Kf5 36. Ke1 Rh3 37. Rg2 Rh5 38. Re2 c6 39. Rf2 Rh6 40.
Re2 Re6 41. Kf1 f6 42. exf6 Kxf6 43. Rf2 Kf5 44. a4 Ne3+ 45. Kg1 Ng4 46. Rd2
Nxh2 47. Rxh2 Kxf4 48. Rh7 Rd6 49. Rxa7 Rd1+ 50. Kf2 Rd2+ 51. Ke1 Rxb2 52. Rc7
Ke3 53. Kd1 Kd3 54. Kc1 Kxc3 55. Rxc6 Ra2 56. Rxb6 Rxa4 57. Kd1 Rd4+ 58. Kc1 c4
59. Rh6 Rd3 60. Rh8 Rg3 61. Kd1 Kb2 62. Rh2+ Kb3 63. Rh8 Kb2 64. Rc8 Rg1+ 65.
Ke2 c3 66. Rb8+ Kc2 67. Rc8 Rg2+ 68. Kf3 Rd2 69. Ke3 Rd3+ 70. Ke2 Rh3 71. Rc7
Kc1 72. Rd7 Rh2+ 73. Kf3 Rd2 74. Rc7 c2 75. Rh7 Rd1 76. Rh8 Kd2 {
Rest unvollstaendig} 1-0

[Event "?"]
[Site "?"]
[Date "2011.06.03"]
[Round "4.16"]
[White "Wohlfahrt, Michael"]
[Black "Krebs, Thomas"]
[Result "1-0"]
[WhiteElo "1761"]
[BlackElo "1621"]
[PlyCount "59"]
[EventDate "2011.??.??"]

1. e4 c6 2. d4 d5 3. exd5 cxd5 4. Bd3 e6 5. Nf3 Nf6 6. O-O Bd6 7. Bg5 O-O 8. c3
Nbd7 9. Re1 b6 10. Nbd2 Bb7 11. h3 h6 12. Bh4 Qc7 13. Bxf6 Nxf6 14. Ne5 a6 15.
Rc1 Bxe5 16. dxe5 Nd7 17. Nf3 Rac8 18. Qe2 a5 19. Bb1 Rfe8 20. Qd3 Nf8 21. Nd4
Bc6 22. Re3 Qe7 23. Rce1 Ng6 24. Rg3 Bd7 25. Ree3 Nf8 26. Ref3 Red8 27. Qe3 Kh8
28. Rf6 Nh7 29. Rxh6 gxh6 30. Qxh6 1-0

[Event "?"]
[Site "?"]
[Date "2011.06.03"]
[Round "4.17"]
[White "Rausch, Adrian"]
[Black "Dölker, Kai"]
[Result "1/2-1/2"]
[WhiteElo "1469"]
[BlackElo "1742"]
[PlyCount "47"]
[EventDate "2011.??.??"]

1. d4 Nf6 2. c4 e6 3. Nf3 b6 4. g3 Bb7 5. Bg2 Bb4+ 6. Bd2 Bxd2+ 7. Qxd2 O-O 8.
Nc3 Ne4 9. Nxe4 Bxe4 10. O-O d6 11. Nh4 Bxg2 12. Nxg2 Nd7 13. d5 Qe7 14. Rac1
Rae8 15. b4 f5 16. Nf4 e5 17. Ne6 Rf6 18. Nxc7 Ref8 19. Ne6 R8f7 20. e3 Rg6 21.
f4 h5 22. Ng5 Rff6 23. h4 Rf8 24. Rfe1 1/2-1/2

[Event "?"]
[Site "?"]
[Date "2011.06.03"]
[Round "4.18"]
[White "Schmitz, Harald"]
[Black "Häfele, Torsten"]
[Result "1/2-1/2"]
[WhiteElo "1739"]
[BlackElo "1574"]
[PlyCount "62"]
[EventDate "2011.??.??"]

1. e4 e6 2. d4 d5 3. exd5 exd5 4. Bd3 Nf6 5. Ne2 Bd6 6. O-O O-O 7. Bf4 Bg4 8.
f3 Bh5 9. Re1 c6 10. c3 Qc7 11. Bxd6 Qxd6 12. Nd2 Nbd7 13. Nf1 Rae8 14. Qd2 Bg6
15. Nfg3 Bxd3 16. Qxd3 g6 17. Qd2 Re7 18. Qf4 Qxf4 19. Nxf4 Rfe8 20. Kf2 Nb6
21. b3 Kg7 22. Rxe7 Rxe7 23. Re1 Rxe1 24. Kxe1 a5 25. Nd3 Nfd7 26. Kd2 f6 27.
Ne2 Kf7 28. g3 Ke7 29. f4 Ke6 30. h3 Kd6 31. g4 Ke6 1/2-1/2

[Event "?"]
[Site "?"]
[Date "2011.06.03"]
[Round "4.20"]
[White "Michna, Marcus"]
[Black "Haro, Niel"]
[Result "1-0"]
[WhiteElo "1869"]
[BlackElo "1519"]
[PlyCount "151"]
[EventDate "2011.??.??"]

1. d4 Nf6 2. c4 g6 3. Nc3 d5 4. e3 Bg7 5. Bd3 c6 6. Nf3 Bg4 7. h3 Be6 8. c5 O-O
9. b4 b6 10. Bd2 b5 11. a4 a6 12. axb5 cxb5 13. Nxb5 Nc6 14. Na3 Qc8 15. Qe2
Ne8 16. Nc2 Nc7 17. Bc3 f5 18. Ng5 Bd7 19. f4 Nd8 20. Kd2 Nb5 21. Ra2 Qb7 22.
Rha1 Rf6 23. Nf3 Rb8 24. Ne5 Be8 25. g4 Ra8 26. gxf5 gxf5 27. Rg1 Rb8 28. Qg2
e6 29. Qg5 Kh8 30. Rxa6 Qc7 31. Raa1 Rc8 32. Na3 Na7 33. b5 Qe7 34. b6 Nac6 35.
Nb5 Qf8 36. Nxc6 Nxc6 37. Nc7 Rg6 38. Qh4 Bf6 39. Qf2 Rb8 40. Rxg6 Bxg6 41. Bb5
Nd8 42. Ra7 Qh6 43. Kc2 Qxh3 44. Bf1 Qg4 45. Ra8 Rxa8 46. Nxa8 Bh5 47. Qe1 Bh4
48. Qd2 Qf3 49. Ba6 Bf2 50. b7 Nxb7 51. Bxb7 Qe4+ 52. Kb2 Bxe3 53. Qh2 Be8 54.
Qh6 Qg2+ 55. Kb3 Qg7 56. Qxe6 Qxb7+ 57. Nb6 Qc6 58. Qxe3 h5 59. Qe5+ Kh7 60.
Qxf5+ Kh6 61. Qg5+ Kh7 62. Qe7+ Kh6 63. Qd6+ Kh7 64. Qxc6 Bxc6 65. Be1 Kg6 66.
Bh4 Kf5 67. Bg5 h4 68. Bxh4 Kxf4 69. Bf6 Ke4 70. Nc8 Bd7 71. Ne7 Be8 72. Kb4
Bf7 73. Ka5 Kd3 74. Kb6 Be8 75. Nxd5 Kc4 76. Ne7 1-0

[Event "?"]
[Site "?"]
[Date "2011.06.03"]
[Round "4.21"]
[White "Martin, Richard"]
[Black "Pelezki, Jurij"]
[Result "1-0"]
[WhiteElo "1686"]
[BlackElo "1822"]
[PlyCount "105"]
[EventDate "2011.??.??"]

1. e4 c5 2. Nf3 Nc6 3. d3 g6 4. g3 Bg7 5. Bg2 e6 6. O-O Nge7 7. c3 O-O 8. Be3
b6 9. d4 d6 10. Qd2 Qc7 11. Bh6 Bb7 12. Bxg7 Kxg7 13. h4 Na5 14. Nh2 d5 15. e5
Nf5 16. Ng4 Nc4 17. Qc1 Qd8 18. b3 Na5 19. Qd2 cxd4 20. cxd4 Rc8 21. Nc3 Ba6
22. Rfc1 Nc6 23. Nf6 Ncxd4 24. g4 Rxc3 25. Rxc3 Ne2+ 26. Kh1 Nxc3 27. gxf5 Ne4
28. Bxe4 dxe4 29. Qg5 Be2 30. fxe6 fxe6 31. Rg1 Rg8 32. Nxg8 Qxg5 33. hxg5 Kxg8
34. Rc1 h5 35. gxh6 Kh7 36. Rc7+ Kxh6 37. Rxa7 Kg5 38. Rf7 Ba6 39. b4 Bc4 40.
a4 Kg4 41. a5 bxa5 42. bxa5 g5 43. Kg2 Bb5 44. Ra7 Kf4 45. a6 Kg4 46. Ra8 e3
47. f3+ Kf4 48. Rf8+ Kxe5 49. a7 Bc6 50. a8=Q Bxa8 51. Rxa8 Kf5 52. Ra4 e2 53.
Kf2 1-0

[Event "?"]
[Site "?"]
[Date "2011.06.03"]
[Round "4.22"]
[White "Hamm, Julian"]
[Black "Weigel, Curt"]
[Result "1/2-1/2"]
[WhiteElo "1684"]
[BlackElo "1810"]
[PlyCount "31"]
[EventDate "2011.??.??"]

1. c4 Nf6 2. Nc3 e6 3. g3 Nc6 4. Bg2 Bc5 5. Nf3 d5 6. cxd5 exd5 7. d3 h6 8. O-O
a6 9. Bd2 Be6 10. a3 Qd7 11. b4 Bd6 12. d4 Bh3 13. Rc1 Bxg2 14. Kxg2 O-O 15.
Qc2 Na7 16. Qb3 1/2-1/2

[Event "?"]
[Site "?"]
[Date "2011.06.03"]
[Round "4.23"]
[White "Aab, Manfred"]
[Black "Schiller, Anna-Katharina"]
[Result "1/2-1/2"]
[WhiteElo "1809"]
[BlackElo "1653"]
[PlyCount "95"]
[EventDate "2011.??.??"]

1. d4 d5 2. e4 c6 3. exd5 cxd5 4. c4 Nf6 5. Nc3 Nc6 6. Nf3 Bg4 7. cxd5 Nxd5 8.
Bb5 Nxc3 9. Bxc6+ bxc6 10. bxc3 Qd5 11. Bf4 e6 12. h3 Bf5 13. O-O Bd6 14. c4
Qxc4 15. Bxd6 Rd8 16. Bc5 a6 17. Qb3 Qb5 18. Qxb5 cxb5 19. a4 f6 20. axb5 Bd3
21. Rfe1 Bxb5 22. Rxe6+ Kf7 23. Re7+ Kg6 24. Rae1 Bc4 25. Ra7 Rhe8 26. Rxe8
Rxe8 27. g3 h5 28. Re7 Rxe7 29. Bxe7 Kf5 30. Bc5 Bd5 31. Nd2 Ba2 32. f3 Ke6 33.
Kf2 f5 34. f4 Kd5 35. Ke3 Kc6 36. Kd3 Kb5 37. Kc3 Bd5 38. h4 g6 39. Nb3 Bf7 40.
Nc1 Be8 41. Nd3 Kc6 42. Nb4+ Kb5 43. Nxa6 Kxa6 44. d5 Kb7 45. Kd4 Kc7 46. Ke5
Kd7 47. Kf6 Kd8 48. Kg7 1/2-1/2

[Event "?"]
[Site "?"]
[Date "2011.06.03"]
[Round "4.24"]
[White "Reichardt, Bernd"]
[Black "Brunki, Alexander"]
[Result "1/2-1/2"]
[WhiteElo "1803"]
[BlackElo "1622"]
[PlyCount "66"]
[EventDate "2011.??.??"]

1. e4 e6 2. d4 d5 3. Nc3 dxe4 4. Nxe4 Nf6 5. Bg5 Be7 6. Nxf6+ Bxf6 7. Bxf6 Qxf6
8. Nf3 O-O 9. Qd2 b6 10. O-O-O Ba6 11. Ne5 Rd8 12. Bxa6 Nxa6 13. Qe3 c5 14.
dxc5 Nxc5 15. g3 Rxd1+ 16. Rxd1 Rd8 17. f4 Rxd1+ 18. Kxd1 Qd8+ 19. Kc1 Qd5 20.
Qf3 Qxf3 21. Nxf3 f6 22. b4 Nd7 23. Nd4 e5 24. Nc6 a6 25. fxe5 fxe5 26. Kd2 Kf7
27. a4 Ke6 28. c4 Kd6 29. b5 a5 30. Ke3 Nc5 31. Nd8 Ke7 32. Nc6+ Kd6 33. Nd8
Ke7 1/2-1/2

[Event "?"]
[Site "?"]
[Date "2011.06.03"]
[Round "4.25"]
[White "Bried, Martin"]
[Black "Gorb, Eugeniusz"]
[Result "1/2-1/2"]
[WhiteElo "1798"]
[BlackElo "1592"]
[PlyCount "43"]
[EventDate "2011.??.??"]

1. c4 c5 2. Nc3 Nc6 3. g3 g6 4. Bg2 Bg7 5. Nf3 Nf6 6. d3 O-O 7. O-O d6 8. Bg5
a6 9. Rb1 Rb8 10. a3 b5 11. cxb5 axb5 12. b4 Be6 13. bxc5 Qa5 14. Bd2 Qxa3 15.
Nxb5 Qxc5 16. Be3 Qh5 17. Nbd4 Nxd4 18. Bxd4 Bg4 19. Ba7 Rxb1 20. Qxb1 Bxf3 21.
Bxf3 Ng4 22. Bxg4 1/2-1/2

[Event "?"]
[Site "?"]
[Date "2011.06.03"]
[Round "4.26"]
[White "Tönjes, Jürgen"]
[Black "Kuhn, Magnus"]
[Result "1/2-1/2"]
[WhiteElo "1768"]
[BlackElo "1579"]
[PlyCount "133"]
[EventDate "2011.??.??"]

1. d4 d5 2. e4 e6 3. Nc3 Nf6 4. exd5 exd5 5. Bd3 Nc6 6. Nge2 Be6 7. O-O Bd6 8.
f4 O-O 9. Nb5 Bg4 10. Nxd6 Qxd6 11. c3 Rfe8 12. h3 Bxe2 13. Bxe2 Ne4 14. Bf3 f5
15. Re1 Re7 16. Qd3 Qg6 17. Bd2 Rae8 18. Rad1 Qh6 19. Bxe4 fxe4 20. Qg3 Qf6 21.
Be3 Nd8 22. Rf1 Nf7 23. Qf2 Nd6 24. g4 Qh6 25. Kg2 Nc4 26. Rde1 Rf7 27. Bc1
Rfe7 28. b3 Nb6 29. Be3 Qc6 30. Rc1 a5 31. a4 Nd7 32. f5 b5 33. Qa2 bxa4 34.
bxa4 Nb6 35. Rc2 Nc4 36. Re1 Rb8 37. Rf2 Qb6 38. g5 Rf7 39. Kh1 Nxe3 40. Rxe3
Qb1+ 41. Qxb1 Rxb1+ 42. Kh2 Ra1 43. c4 c6 44. cxd5 cxd5 45. f6 Rxa4 46. Rc3 Rc4
47. Rb3 Rfc7 48. f7+ Kf8 49. Rb5 Rc2 50. Kg3 Rxf2 51. Kxf2 Rxf7+ 52. Ke2 Rf5
53. h4 Kf7 54. Rxa5 Kg6 55. Ra6+ Kh5 56. Ra7 Kxh4 57. Rxg7 Rxg5 58. Rxh7+ Kg3
59. Rf7 Kg4 60. Rf8 Rf5 61. Rg8+ Kf4 62. Re8 Kg4 63. Rg8+ Rg5 64. Rf8 Kg3 65.
Rf7 Kg2 66. Rf2+ Kg3 67. Rf8 1/2-1/2

[Event "?"]
[Site "?"]
[Date "2011.06.03"]
[Round "4.27"]
[White "Divkovic, Mario"]
[Black "Keller, Marcel"]
[Result "1/2-1/2"]
[WhiteElo "1378"]
[BlackElo "1755"]
[PlyCount "44"]
[EventDate "2011.??.??"]

1. d4 g6 2. c4 Nf6 3. Nf3 Bg7 4. Bg5 O-O 5. e3 d6 6. Nc3 b6 7. Bd3 Bb7 8. O-O
c5 9. d5 Nbd7 10. Re1 Ng4 11. Qc2 Ba6 12. h3 Nge5 13. Nxe5 Nxe5 14. b3 Bc8 15.
Be2 a6 16. h4 Bg4 17. Rac1 Bxe2 18. Qxe2 h5 19. Ne4 Qd7 20. Nd2 b5 21. e4 b4
22. Nf3 Nxf3+ 1/2-1/2

[Event "?"]
[Site "?"]
[Date "2011.06.03"]
[Round "4.28"]
[White "Srokovskiy, Andrea"]
[Black "Tansek, Branko"]
[Result "1/2-1/2"]
[WhiteElo "1749"]
[BlackElo "1560"]
[PlyCount "68"]
[EventDate "2011.??.??"]

1. d4 g6 2. Nf3 Bg7 3. Bf4 d6 4. e3 Bf5 5. Bd3 Bxd3 6. Qxd3 Nd7 7. Nc3 c6 8.
O-O Ngf6 9. Rad1 Nh5 10. Ne2 O-O 11. e4 Nxf4 12. Nxf4 e6 13. c3 Qc7 14. d5 cxd5
15. exd5 e5 16. Ne2 Rae8 17. Nd2 f5 18. Nb3 e4 19. Qh3 Ne5 20. Nf4 Rf6 21. Ne6
Qb6 22. Rd2 a5 23. Rc2 Nc4 24. Nbd4 a4 25. b3 axb3 26. axb3 Ne5 27. Nxg7 Kxg7
28. Ne6+ Kg8 29. c4 Ng4 30. Qc3 Rf7 31. h3 Nf6 32. Ng5 Rff8 33. Ne6 Rf7 34. Ng5
Rff8 1/2-1/2

[Event "?"]
[Site "?"]
[Date "2011.06.03"]
[Round "4.29"]
[White "Drapchin, Marc"]
[Black "Sazonovs, Sergejs"]
[Result "0-1"]
[WhiteElo "1820"]
[BlackElo "1480"]
[PlyCount "83"]
[EventDate "2011.??.??"]

1. e4 e6 2. d4 d5 3. Nd2 Nf6 4. e5 Nfd7 5. c3 c5 6. Bd3 Nc6 7. Ne2 Be7 8. O-O
Qb6 9. Nf3 a6 10. Bb1 cxd4 11. cxd4 Qd8 12. Ng3 b5 13. a3 Nb6 14. Qc2 Bd7 15.
Nh5 g6 16. Ng3 O-O 17. Bh6 Re8 18. Nh5 Rc8 19. Qd3 a5 20. Bg5 Bxg5 21. Nxg5
Qxg5 22. Nf6+ Kh8 23. Nxe8 Bxe8 24. b3 Qf4 25. Qe3 Qxd4 26. Bd3 Qxe3 27. fxe3
Nxe5 28. Bb1 Rc3 29. e4 Rxb3 30. exd5 Nxd5 31. Re1 Nc4 32. Rc1 Rc3 33. Be4
Rxc1+ 34. Rxc1 Kg7 35. a4 Nd2 36. Bxd5 exd5 37. Rd1 Nc4 38. axb5 Nb6 39. Rb1
Kf6 40. Kf2 Bd7 41. Ke3 Ke5 42. Kd3 0-1

[Event "?"]
[Site "?"]
[Date "2011.06.03"]
[Round "4.30"]
[White "Muench, Werner"]
[Black "Sigmund, Wolfgang"]
[Result "1-0"]
[WhiteElo "1884"]
[BlackElo "1586"]
[PlyCount "23"]
[EventDate "2011.??.??"]

1. d4 d5 2. c4 c6 3. Nf3 Nf6 4. g3 Bf5 5. Bg2 e6 6. O-O Bd6 7. b3 O-O 8. Nbd2
Nbd7 9. Bb2 Re8 10. Ne5 Ng4 11. e4 dxe4 12. Nxg4 1-0

[Event "?"]
[Site "?"]
[Date "2011.06.03"]
[Round "4.31"]
[White "Fischer, Mark"]
[Black "Pudmensky, Stefan"]
[Result "1/2-1/2"]
[WhiteElo "1552"]
[BlackElo "1853"]
[PlyCount "133"]
[EventDate "2011.??.??"]

1. d4 Nf6 2. Nf3 d5 3. e3 e6 4. Bd3 Nbd7 5. Nbd2 c5 6. c3 Bd6 7. O-O O-O 8. Re1
Qc7 9. e4 e5 10. dxe5 Nxe5 11. Nxe5 Bxe5 12. h3 c4 13. Bc2 Rd8 14. Qe2 Be6 15.
exd5 Bh2+ 16. Kh1 Bxd5 17. Ne4 Nxe4 18. Bxe4 Re8 19. Qc2 h6 20. Bd2 Bxe4 21.
Rxe4 Rxe4 22. Qxe4 Rd8 23. Be3 b5 24. Bd4 Bd6 25. Re1 Bc5 26. Bxc5 Qxc5 27. Qe7
Qxe7 28. Rxe7 Rd2 29. Rxa7 Rxb2 30. Ra5 g5 31. a4 b4 32. cxb4 Rxb4 33. Kh2 Kg7
34. Kg3 Rb3+ 35. f3 Ra3 36. h4 gxh4+ 37. Kxh4 c3 38. Kh5 Ra2 39. Rc5 Rxg2 40.
Rxc3 Rg5+ 41. Kh4 Ra5 42. Rc4 h5 43. Rb4 Kg6 44. f4 f6 45. Rc4 Kf7 46. Re4 Kg6
47. Rb4 Rc5 48. Rd4 Rc1 49. a5 Rh1+ 50. Kg3 h4+ 51. Kg2 Ra1 52. Rd5 Ra3 53. Kh2
Ra4 54. f5+ Kg5 55. Kh3 Ra3+ 56. Kg2 h3+ 57. Kh2 Kg4 58. Rb5 Ra2+ 59. Kh1 Kf4
60. Rc5 Ke4 61. Rb5 Kd4 62. Kg1 Kc4 63. Rb6 Rxa5 64. Rxf6 Ra2 65. Rh6 Rg2+ 66.
Kh1 Rf2 67. Rxh3 1/2-1/2

[Event "?"]
[Site "?"]
[Date "2011.06.03"]
[Round "4.32"]
[White "Hahn, Martin"]
[Black "Zeitler, Waldemar"]
[Result "1-0"]
[WhiteElo "1783"]
[BlackElo "1585"]
[PlyCount "93"]
[EventDate "2011.??.??"]

1. Nf3 e6 2. c4 c6 3. d4 d5 4. Qc2 Nf6 5. g3 Be7 6. Bg2 Ne4 7. O-O f5 8. b3 Nd7
9. Ba3 O-O 10. Bxe7 Qxe7 11. Nbd2 g5 12. Nxe4 fxe4 13. Nd2 Qg7 14. e3 g4 15. b4
Nf6 16. a4 a6 17. c5 Bd7 18. Nb1 Rfb8 19. Nc3 Qg6 20. Qe2 h5 21. b5 Qe8 22.
bxa6 Rxa6 23. Rfb1 Bc8 24. Qxa6 bxa6 25. Rxb8 Nd7 26. Ra8 e5 27. Bf1 exd4 28.
exd4 e3 29. Bxa6 exf2+ 30. Kxf2 Qf7+ 31. Kg1 Qf6 32. Rxc8+ Kg7 33. Rd1 Qe6 34.
Kf1 Qe3 35. Rd3 Qc1+ 36. Kf2 Qc2+ 37. Ne2 Nf6 38. Rc7+ Kf8 39. Rxc6 Ne4+ 40.
Ke3 Qxa4 41. Rb6 Qa1 42. Rdb3 Qh1 43. Kf4 Qf1+ 44. Ke5 Ng5 45. Rf6+ Qxf6+ 46.
Kxf6 Nf3 47. Rb8# 1-0

[Event "?"]
[Site "?"]
[Date "2011.06.03"]
[Round "4.33"]
[White "Sibahn, Mirko"]
[Black "Balija, Cerim"]
[Result "1-0"]
[WhiteElo "1779"]
[BlackElo "1532"]
[PlyCount "73"]
[EventDate "2011.??.??"]

1. e4 e5 2. Nf3 Nf6 3. d4 exd4 4. Nxd4 Bc5 5. Nf5 Bf8 6. Bg5 d6 7. Bc4 Bxf5 8.
exf5 Be7 9. Nc3 c6 10. O-O O-O 11. Re1 Nbd7 12. Bf4 d5 13. Bf1 Bb4 14. Qf3 d4
15. a3 Ba5 16. b4 Bb6 17. Ne4 Nd5 18. Bd6 Re8 19. Nc5 Nxc5 20. bxc5 Rxe1 21.
Rxe1 Ba5 22. Re4 Nf6 23. Re7 Nd5 24. Rxb7 Qf6 25. h3 h6 26. Bc4 Bc3 27. Bxd5
cxd5 28. Qxd5 Re8 29. Rb8 Rd8 30. Rxd8+ Qxd8 31. Qb7 Qa5 32. c6 Qd5 33. Qb8+
Kh7 34. c7 Qxf5 35. c8=Q Qxc2 36. Be5 Qd2 37. Qf5+ 1-0

[Event "?"]
[Site "?"]
[Date "2011.06.03"]
[Round "4.34"]
[White "Tsybulevsky, Jury"]
[Black "Hartmann, Christian"]
[Result "1-0"]
[WhiteElo "1674"]
[BlackElo "1500"]
[PlyCount "103"]
[EventDate "2011.??.??"]

1. d4 g6 2. c4 Bg7 3. e4 c5 4. d5 d6 5. Qc2 Nf6 6. Nc3 O-O 7. Nge2 Re8 8. Ng3
e6 9. Bd3 exd5 10. cxd5 a6 11. a4 Nbd7 12. O-O Qb6 13. b3 Ng4 14. Be2 Ndf6 15.
h3 Ne5 16. a5 Qc7 17. Bd2 h5 18. f3 Ned7 19. Ra2 h4 20. Nh1 Nh5 21. Bd3 Bd4+
22. Nf2 Ng3 23. Re1 c4 24. Bxc4 Qc5 25. Ncd1 Ne5 26. Bd3 Qa7 27. f4 Nxd3 28.
Qxd3 Bd7 29. Qf3 f5 30. Kh2 Bb5 31. Nh1 fxe4 32. Qg4 Nf1+ 33. Rxf1 Bxf1 34.
Qxg6+ Bg7 35. Be3 Qb8 36. f5 Qd8 37. Bg5 Re7 38. f6 Rf7 39. fxg7 Qe8 40. Qe6
Qd7 41. Qxd7 Rxd7 42. Bf6 Re8 43. Ne3 Rf7 44. Rf2 Bb5 45. Rf4 Bd3 46. Nf2 Rc8
47. Neg4 Kh7 48. Nxe4 Bxe4 49. Rxe4 Kg6 50. Re6 Rg8 51. Rxd6 Rxf6 52. Nxf6 1-0

[Event "?"]
[Site "?"]
[Date "2011.06.03"]
[Round "4.35"]
[White "Issaad, Pascal"]
[Black "Schreiber, Winfried"]
[Result "0-1"]
[WhiteElo "1540"]
[BlackElo "1646"]
[PlyCount "74"]
[EventDate "2011.??.??"]

1. e4 c5 2. Nc3 Nc6 3. g3 a6 4. Bg2 e6 5. Nge2 Nf6 6. O-O Be7 7. d3 O-O 8. f4
d6 9. d4 cxd4 10. Nxd4 Qc7 11. Kh1 Nxd4 12. Qxd4 Rb8 13. a4 b6 14. Be3 Rd8 15.
h3 Ne8 16. Bd2 Bf6 17. Qf2 Bb7 18. Rfd1 Ba8 19. g4 h6 20. g5 hxg5 21. fxg5 Be5
22. h4 g6 23. Be1 Ng7 24. Rd3 Nh5 25. Bd2 Rf8 26. Rf3 f6 27. gxf6 Rf7 28. Bh3
Re8 29. Bg2 Rd8 30. Rc1 Kh7 31. Nd1 Bxe4 32. Rb3 Bxg2+ 33. Kxg2 Rb8 34. Be3
Rxf6 35. Qd2 Qc6+ 36. Kg1 Rbf8 37. a5 Rf1# 0-1

[Event "?"]
[Site "?"]
[Date "2011.06.03"]
[Round "4.36"]
[White "Grüneschild, Hildegard"]
[Black "Griesche, Veit"]
[Result "1-0"]
[WhiteElo "1645"]
[BlackElo "1342"]
[PlyCount "69"]
[EventDate "2011.??.??"]

1. c4 e5 2. Nc3 Nc6 3. g3 Nf6 4. Bg2 Bc5 5. e3 O-O 6. d3 Re8 7. Nge2 b6 8. O-O
Bb7 9. a3 a5 10. d4 exd4 11. exd4 Bd6 12. Bg5 h6 13. Bf4 Bxf4 14. Nxf4 Rb8 15.
Qd3 Ne7 16. d5 d6 17. Rfe1 Qd7 18. Bh3 Qd8 19. Re3 c6 20. Rae1 Qc7 21. Bg2 Ng4
22. R3e2 Ne5 23. Qd4 c5 24. Qe4 f5 25. Qc2 Nxc4 26. Nb5 Qd7 27. Qxc4 Ba6 28. a4
Rbd8 29. Ne6 Rc8 30. Bh3 g6 31. Qc3 Nxd5 32. Qc4 Nb4 33. Nf4+ Kh7 34. Nd5 Qf7
35. Re7 1-0

[Event "?"]
[Site "?"]
[Date "2011.06.03"]
[Round "4.37"]
[White "Aleman, Tilman"]
[Black "Piskaykin, Bogdan"]
[Result "1/2-1/2"]
[WhiteElo "1629"]
[BlackElo "1329"]
[PlyCount "84"]
[EventDate "2011.??.??"]

1. c4 c6 2. Nc3 Nf6 3. Nf3 d5 4. cxd5 cxd5 5. d4 Nc6 6. Bf4 Bf5 7. e3 e6 8. Be2
Be7 9. O-O a6 10. Qd2 O-O 11. Rfc1 Rc8 12. a3 h6 13. b4 b5 14. Qb2 Nh5 15. Ne5
Nxf4 16. Nxc6 Nxe2+ 17. Nxe2 Qd7 18. Na5 Rxc1+ 19. Rxc1 Rc8 20. Ng3 Bg6 21. Rc3
Bd6 22. Ne2 Kf8 23. Nb3 f6 24. Nc5 Bxc5 25. dxc5 e5 26. Rc1 Bf7 27. Qc2 Rc6 28.
Rd1 Be6 29. Qd2 Rc8 30. Nc3 Rd8 31. Qd3 Kg8 32. a4 d4 33. exd4 exd4 34. Ne2 Bc4
35. Qxd4 Qxd4 36. Rxd4 Re8 37. Rxc4 bxc4 38. Kf1 Rb8 39. c6 Kf7 40. Nd4 g6 41.
b5 axb5 42. axb5 Ke7 1/2-1/2